000 00225nam a2200097Ia 4500
008 171211s9999 xx 000 0 und d
245 _aShip Spotter’s Guide
245 _cAngus Konstam
260 _c2014
650 _xMilitary
999 _c348295
_d348295